[Event "OLNW 2324 SK Union Oldenburg - SK Nordho"]
[Site "?"]
[Date "2024.03.17"]
[Round "7.4"]
[White "Wagner, Jan"]
[Black "Stotyn, Fabian"]
[Result "1/2-1/2"]
[WhiteElo "2124"]
[BlackElo "2114"]
[PlyCount "92"]
[EventDate "2024.??.??"]

1. Nf3 d5 2. b3 Nf6 3. Bb2 e6 4. e3 Be7 5. d4 O-O 6. Bd3 b6 7. O-O Nbd7 8. Nbd2 Bb7 9. c4 c5 10. Rc1 cxd4 11. exd4 dxc4 12. bxc4 Qc7 13. Qe2 Rfd8 14. Rfd1 Rac8 15. Nb3 Qf4 16. Qe3 Bd6 17. Nbd2 Ng4 18. Qxf4 Bxf4 19. Rc3 e5 20. Ra3 a5 21. h3 Bxd2 22. Nxd2 Nh6 23. d5 Ba6 24. Re1 f6 25. g4 Nc5 26. Bf1 Nf7 27. Rae3 Nd6 28. Ba3 Na4 29. c5 Bxf1 30. cxd6 Ba6 31. f4 exf4 32. Re7 Bb5 33. Nf3 Rc4 34. Rc7 Nc5 35. Ree7 Nd7 36. Nh4 g6 37. Bb2 Rb4 38. Bc3 Rb1+ 39. Kf2 Rd1 40. g5 fxg5 41. Rg7+ Kf8 42. Rxh7 gxh4 43. Rh8+ Kf7 44. Rxd8 Rf1+ 45. Kg2 f3+ 46. Kh2 Rf2+ 1/2-1/2

[Event "OLNW 2324 SK Union Oldenburg - SK Nordho"]
[Site "?"]
[Date "2024.03.17"]
[Round "7.5"]
[White "Bierenbroodspot, Paul"]
[Black "Eschholz, Enno"]
[Result "1-0"]
[WhiteElo "2092"]
[BlackElo "2133"]
[PlyCount "61"]
[EventDate "2024.??.??"]

1. d4 Nf6 2. Nf3 e6 3. e3 d6 4. b3 Be7 5. Bb2 O-O 6. Bd3 c5 7. Nbd2 Nc6 8. a3 Qc7 9. O-O a6 10. c4 b6 11. Rc1 Bb7 12. Bb1 Rfe8 13. Qc2 g6 14. Ng5 Nd7 15. f4 Bf6 16. Nde4 Bg7 17. dxc5 dxc5 18. Rcd1 f5 19. Bxg7 Kxg7 20. Qb2+ e5 21. Nd6 Re7 22. Bxf5 gxf5 23. Nxf5+ Kg8 24. Rd6 Nf8 25. Rfd1 Rae8 26. Qe2 Bc8 27. Nh6+ Kh8 28. fxe5 Rg7 29. Qh5 Rd8 30. Rxd8 Nxd8 31. Rxd8 1-0

[Event "OLNW 2324 SK Union Oldenburg - SK Nordho"]
[Site "?"]
[Date "2024.03.17"]
[Round "7.6"]
[White "Peters, Tom"]
[Black "Hoellman, Ludger"]
[Result "1/2-1/2"]
[WhiteElo "2127"]
[BlackElo "2048"]
[PlyCount "71"]
[EventDate "2024.??.??"]

1. e4 c6 2. Nc3 d5 3. d4 dxe4 4. Nxe4 Nf6 5. Nxf6+ exf6 6. Be3 Bd6 7. Bd3 O-O 8. Ne2 Re8 9. c4 Bg4 10. Qc2 Qa5+ 11. Kf1 g6 12. c5 Bf8 13. Ng3 Qd8 14. h4 Na6 15. a3 Nc7 16. h5 Qd7 17. hxg6 fxg6 18. Bc4+ Nd5 19. Rh4 Be6 20. Ne4 Bg7 21. Nd6 Re7 22. Bh6 Bxh6 23. Rxh6 Kg7 24. Rh4 b5 25. Bxd5 Bxd5 26. Qd2 Kg8 27. Re1 Rf8 28. Rh3 Rxe1+ 29. Qxe1 Qg4 30. Rg3 Qxd4 31. b4 f5 32. Re3 f4 33. Re8 f3 34. Rxf8+ Kxf8 35. Qe8+ Kg7 36. Qe7+ 1/2-1/2

[Event "OLNW 2324 SK Union Oldenburg - SK Nordho"]
[Site "?"]
[Date "2024.03.17"]
[Round "7.7"]
[White "Plasman, Hans"]
[Black "Schuette, Marc"]
[Result "1-0"]
[WhiteElo "2086"]
[BlackElo "2141"]
[PlyCount "61"]
[EventDate "2024.??.??"]

1. d4 d5 2. Nf3 c6 3. c4 Nf6 4. g3 Bf5 5. Nc3 e6 6. Nh4 Bg6 7. Nxg6 hxg6 8. Qb3 Qb6 9. c5 Qxb3 10. axb3 Na6 11. Ra4 e5 12. dxe5 Nd7 13. b4 Nxe5 14. Bf4 f6 15. Bxe5 fxe5 16. e4 dxe4 17. Bxa6 bxa6 18. O-O Be7 19. Re1 O-O-O 20. Rxa6 Kb7 21. Rea1 Ra8 22. Nxe4 Rhd8 23. b5 cxb5 24. c6+ Kc8 25. Rxa7 Rxa7 26. Rxa7 Rd1+ 27. Kg2 Bf6 28. Nc3 Rc1 29. Ra8+ Kc7 30. Nxb5+ Kb6 31. Rb8+ 1-0

[Event "OLNW 2324 SK Union Oldenburg - SK Nordho"]
[Site "?"]
[Date "2024.03.17"]
[Round "7.8"]
[White "Heinemann, Ernst"]
[Black "Holtwessels, Jan"]
[Result "1-0"]
[WhiteElo "2052"]
[BlackElo "1734"]
[PlyCount "91"]
[EventDate "2024.??.??"]

1. e4 e5 2. f4 exf4 3. Bc4 Nf6 4. Nc3 d5 5. Bxd5 Be7 6. d4 Bg4 7. Nf3 Nxd5 8. Nxd5 Bh4+ 9. Kf1 g5 10. Qd3 c6 11. Nxh4 cxd5 12. Nf5 Nc6 13. h4 f6 14. hxg5 fxg5 15. Rh6 Bxf5 16. exf5 O-O 17. Bd2 Qd7 18. f6 Rae8 19. Rg6+ hxg6 20. Qxg6+ Kh8 21. Kf2 Re2+ 22. Kxe2 Qe8+ 23. Qxe8 Rxe8+ 24. Kd3 Kh7 25. Rf1 Re4 26. c3 Kg6 27. g3 Kxf6 28. gxf4 gxf4 29. Bxf4 Ke6 30. Be3 a6 31. Rh1 Ne7 32. Rh6+ Kd7 33. Rh7 Kc6 34. c4 Re6 35. b3 Kb6 36. Bg5 dxc4+ 37. bxc4 Nf5 38. Rf7 Ng3 39. Be3 Re8 40. d5+ Ka5 41. Rxb7 Ne4 42. c5 Nf6 43. d6 Nd5 44. Bd2+ Ka4 45. d7 Rg8 46. Bg5 1-0

[Event "OLNW 2324 SV Hellern - Hamelner SV"]
[Site "?"]
[Date "2024.03.17"]
[Round "7.1"]
[White "Bode, Wilfried"]
[Black "Hoffmann, Alexander"]
[Result "1/2-1/2"]
[WhiteElo "2340"]
[BlackElo "2410"]
[PlyCount "49"]
[EventDate "2024.??.??"]

1. Nf3 Nf6 2. b3 g6 3. Bb2 Bg7 4. g3 b6 5. Bg2 Bb7 6. O-O c5 7. c4 O-O 8. Nc3 Nc6 9. d4 Nxd4 10. Nxd4 Bxg2 11. Kxg2 cxd4 12. Qxd4 Qc7 13. Nd5 Qb7 14. Kg1 d6 15. a4 Rfd8 16. Rfd1 Rab8 17. Ra2 a6 18. Qf4 Nxd5 19. Rxd5 Bxb2 20. Rxb2 Qd7 21. Rbd2 Qe6 22. R2d3 Kg7 23. Rf3 Re8 24. Qd4+ f6 25. Re3 1/2-1/2

[Event "OLNW 2324 SV Hellern - Hamelner SV"]
[Site "?"]
[Date "2024.03.17"]
[Round "7.2"]
[White "Gronde, Ingo"]
[Black "Tonndorf, Matthias"]
[Result "1/2-1/2"]
[WhiteElo "2309"]
[BlackElo "2159"]
[PlyCount "73"]
[EventDate "2024.??.??"]

1. e4 c5 2. Nf3 e6 3. d4 cxd4 4. Nxd4 a6 5. Bd3 Nf6 6. O-O Qc7 7. Qe2 d6 8. f4 Nbd7 9. c4 b6 10. b3 Bb7 11. Nc3 Be7 12. Bb2 g6 13. Rae1 O-O 14. Kh1 Nh5 15. f5 e5 16. fxg6 hxg6 17. Nf5 Nc5 18. Bc2 Ne6 19. Nd5 Bxd5 20. exd5 Neg7 21. g4 Nxf5 22. gxf5 Bh4 23. fxg6 fxg6 24. Rxf8+ Rxf8 25. Rg1 Nf4 26. Qg4 Bf2 27. Rf1 Bc5 28. Bc1 Qg7 29. Bxf4 Rxf4 30. Rxf4 exf4 31. Bxg6 f3 32. Qc8+ Qf8 33. Qd7 Qf4 34. Qh7+ Kf8 35. Qh8+ Ke7 36. Qg7+ Kd8 37. Qg8+ 1/2-1/2

[Event "OLNW 2324 SV Hellern - Hamelner SV"]
[Site "?"]
[Date "2024.03.17"]
[Round "7.3"]
[White "Helmer, Jan"]
[Black "Lehmann, Holger"]
[Result "1-0"]
[WhiteElo "2206"]
[BlackElo "2129"]
[PlyCount "85"]
[EventDate "2024.??.??"]

1. d4 d5 2. c4 c6 3. Nf3 e6 4. Nbd2 Nf6 5. e3 Be7 6. Bd3 O-O 7. O-O dxc4 8. Nxc4 c5 9. dxc5 Bxc5 10. e4 Be7 11. Bg5 Nc6 12. Qe2 Nd7 13. Bxe7 Qxe7 14. e5 Rd8 15. Rac1 Nf8 16. Be4 Bd7 17. Rfd1 Be8 18. Qe3 Rxd1+ 19. Rxd1 Rd8 20. Rxd8 Qxd8 21. Qb3 b5 22. Ne3 Nd4 23. Qb4 Nxf3+ 24. Bxf3 Qc7 25. Qd6 Qxd6 26. exd6 f5 27. Nc2 Kf7 28. Nd4 Kf6 29. Bc6 Bxc6 30. Nxc6 a6 31. f4 g5 32. g3 gxf4 33. gxf4 Kf7 34. Kf2 Ke8 35. Nb8 Ng6 36. Ke3 Kd8 37. Kd4 Kc8 38. Nxa6 Kd7 39. Kc5 e5 40. fxe5 Nxe5 41. Kd5 Nc4 42. Nc5+ Kd8 43. Ke6 1-0

[Event "OLNW 2324 SV Hellern - Hamelner SV"]
[Site "?"]
[Date "2024.03.17"]
[Round "7.4"]
[White "Lewin, Tammo"]
[Black "Renner, Kai"]
[Result "1/2-1/2"]
[WhiteElo "2090"]
[BlackElo "2079"]
[PlyCount "69"]
[EventDate "2024.??.??"]

1. Nc3 d5 2. e4 e6 3. d4 Bb4 4. e5 c5 5. a3 Bxc3+ 6. bxc3 Qa5 7. Qd2 Nc6 8. Nf3 f6 9. a4 fxe5 10. dxe5 Nge7 11. Bd3 O-O 12. O-O Qc7 13. Qe2 h6 14. c4 Nb4 15. Re1 Nxd3 16. Qxd3 b6 17. cxd5 exd5 18. Nh4 Be6 19. f4 Qd7 20. h3 d4 21. Kh2 Nd5 22. Rf1 Nb4 23. Qe2 d3 24. cxd3 Qxd3 25. Qxd3 Nxd3 26. Be3 Bb3 27. a5 b5 28. f5 Nxe5 29. Bxc5 Rfe8 30. f6 Nd7 31. Bd4 Nxf6 32. Bxf6 gxf6 33. Rxf6 Re6 34. Rf3 Bc4 35. Rd1 {(=)} 1/2-1/2

[Event "OLNW 2324 SV Hellern - Hamelner SV"]
[Site "?"]
[Date "2024.03.17"]
[Round "7.5"]
[White "Poschadel, Andreas Gregor"]
[Black "Happe, Reinhold"]
[Result "1-0"]
[WhiteElo "2057"]
[BlackElo "2096"]
[PlyCount "103"]
[EventDate "2024.??.??"]

1. e4 e5 2. Nf3 Nc6 3. d4 exd4 4. Nxd4 Nf6 5. Nc3 Bb4 6. Nxc6 bxc6 7. Bd3 O-O 8. O-O d5 9. exd5 Bg4 10. f3 Bh5 11. dxc6 Qd4+ 12. Kh1 Bxc3 13. bxc3 Qxc3 14. Rb1 Bg6 15. Rb3 Qxc6 16. Bb2 Rfd8 17. Qa1 Rab8 18. Rc1 Ne8 19. Be5 f6 20. Bg3 a5 21. Qb2 Rb6 22. Bxg6 hxg6 23. Bxc7 Rxb3 24. Qxb3+ Rd5 25. Bxa5 Kh7 26. Bb4 Nc7 27. a3 Ne6 28. c4 Rh5 29. Qd3 Ng5 30. c5 Nf7 31. Qe4 Qc7 32. f4 f5 33. Qe3 Nh6 34. Qe5 Qc6 35. Qd6 Qe4 36. Re1 Qc2 37. Qd2 Qc4 38. Kg1 Ng4 39. h3 Nf6 40. Qe3 Ne4 41. Rc1 Qf7 42. c6 Qc7 43. Bd2 Rh6 44. Bc3 g5 45. Be5 Qc8 46. c7 Re6 47. Qd4 Re8 48. Rb1 Qa6 49. Qd7 Rxe5 50. c8=Q Qe2 51. Qxf5+ Rxf5 52. Qxf5+ 1-0

[Event "OLNW 2324 SV Hellern - Hamelner SV"]
[Site "?"]
[Date "2024.03.17"]
[Round "7.6"]
[White "Hart, Martin"]
[Black "Koch, Yannick"]
[Result "1/2-1/2"]
[WhiteElo "2065"]
[BlackElo "1984"]
[PlyCount "35"]
[EventDate "2024.??.??"]

1. e4 c6 2. d3 d5 3. Nd2 e5 4. Ngf3 Bd6 5. g3 Nf6 6. Bg2 O-O 7. O-O Re8 8. b3 a5 9. a4 Nbd7 10. Nh4 Nc5 11. Re1 Bg4 12. Bf3 Bd7 13. Nf1 d4 14. Nf5 Bxf5 15. exf5 e4 16. dxe4 Ncxe4 17. Qd3 Nc5 18. Rxe8+ 1/2-1/2

[Event "OLNW 2324 SV Hellern - Hamelner SV"]
[Site "?"]
[Date "2024.03.17"]
[Round "7.7"]
[White "van Son, Lutz"]
[Black "Stock, Joerg"]
[Result "0-1"]
[WhiteElo "2164"]
[BlackElo "2085"]
[PlyCount "60"]
[EventDate "2024.??.??"]

1. e4 c6 2. d4 d5 3. f3 e6 4. Nc3 Bb4 5. Bf4 Ne7 6. Qd3 b6 7. Nge2 Ba6 8. Qe3 c5 9. O-O-O O-O 10. Kb1 Nbc6 11. a3 Bxc3 12. bxc3 Na5 13. Qc1 Qd7 14. Qb2 Rfc8 15. Bc1 Rc7 16. Nf4 Bxf1 17. Rhxf1 Rac8 18. Rf2 Qa4 19. Rd3 Nc4 20. Qb3 Qa6 21. exd5 Nxd5 22. Nxd5 exd5 23. Re2 h6 24. g4 cxd4 25. cxd4 Na5 26. Qxd5 Rxc2 27. Re8+ Rxe8 28. Kxc2 Rc8+ 29. Kd2 Rxc1 30. Qa8+ Qc8 0-1

[Event "OLNW 2324 SV Hellern - Hamelner SV"]
[Site "?"]
[Date "2024.03.17"]
[Round "7.8"]
[White "Kovermann, Peter"]
[Black "Schmidt, Dennis"]
[Result "1/2-1/2"]
[WhiteElo "1995"]
[BlackElo "2038"]
[PlyCount "37"]
[EventDate "2024.??.??"]

1. g3 c5 2. Bg2 Nc6 3. Nf3 g6 4. O-O Bg7 5. c4 d6 6. Nc3 Bd7 7. b3 Qc8 8. Re1 Bh3 9. Bh1 h5 10. Bb2 h4 11. Qc1 hxg3 12. hxg3 Nd4 13. Nd5 Nf6 14. Nxd4 Nxd5 15. Bxd5 Bxd4 16. Bxd4 cxd4 17. Qb2 e5 18. e3 Be6 19. Bg2 1/2-1/2

[Event "OLNW 2324 Post SV Uelzen - SV Werder Bre"]
[Site "?"]
[Date "2024.03.17"]
[Round "7.1"]
[White "Kardoeus, David"]
[Black "Laubsch, Bernd"]
[Result "1-0"]
[WhiteElo "2176"]
[BlackElo "2213"]
[PlyCount "119"]
[EventDate "2024.??.??"]

1. e4 c5 2. Nf3 d6 3. d4 cxd4 4. Nxd4 Nf6 5. Nc3 Nc6 6. Bg5 Qb6 7. Ndb5 Be6 8. Nd5 Bxd5 9. exd5 a6 10. dxc6 axb5 11. cxb7 Qxb7 12. Bxf6 gxf6 13. Qh5 d5 14. Bd3 e5 15. O-O Bd6 16. Rfe1 Ke7 17. f4 e4 18. Rad1 Bxf4 19. Bxb5 Be5 20. c4 Rad8 21. a4 d4 22. c5 Qd5 23. Kh1 Rhg8 24. Qh3 Rg5 25. c6 Bc7 26. Qf3 Re5 27. Qa3+ Bd6 28. Qh3 Bc7 29. Qa3+ Ke8 30. Qh3 e3 31. Qf3 Qd6 32. Qg3 Ke7 33. Qf4 Rh5 34. Rxe3+ Kf8 35. Qxd6+ Rxd6 36. Red3 Bb6 37. b4 Ke7 38. Re1+ Re5 39. Rdd1 Rde6 40. Rf1 Rh5 41. g3 Kd8 42. Rf4 Rd6 43. Kg2 Re5 44. Rg4 Re3 45. Rg8+ Kc7 46. a5 Ba7 47. Rf8 Re7 48. Ra8 Bb8 49. Ra6 Kc8 50. Bd3 Rd5 51. b5 Rc5 52. Ra8 Ra7 53. Rxa7 Bxa7 54. Re1 Rc3 55. Bf5+ Kc7 56. Re7+ Kb8 57. Rb7+ Ka8 58. Be4 f5 59. Bd5 Rc5 60. c7 1-0

[Event "OLNW 2324 Post SV Uelzen - SV Werder Bre"]
[Site "?"]
[Date "2024.03.17"]
[Round "7.2"]
[White "Wiegmann, Sascha"]
[Black "Heldt, Nils-Lennart"]
[Result "1-0"]
[WhiteElo "2297"]
[BlackElo "2067"]
[PlyCount "75"]
[EventDate "2024.??.??"]

1. Nf3 d5 2. g3 Nf6 3. Bg2 c6 4. O-O Bf5 5. c4 e6 6. d3 h6 7. Nbd2 Bh7 8. a3 a5 9. b3 Bd6 10. Bb2 O-O 11. Re1 Qe7 12. e4 dxe4 13. dxe4 e5 14. c5 Bxc5 15. Nxe5 Rd8 16. Nec4 Qe6 17. h3 Nbd7 18. e5 Nd5 19. Ne4 Bxe4 20. Rxe4 N7b6 21. Nd6 Bxd6 22. exd6 Qxd6 23. Qd4 Nf6 24. Qxb6 Nxe4 25. Bxe4 Qe6 26. Bg2 a4 27. bxa4 Rd7 28. Qb4 Rad8 29. a5 Rd2 30. Bc3 Re2 31. Qxb7 Rd3 32. a6 Rxc3 33. a7 Re1+ 34. Rxe1 Qxe1+ 35. Kh2 Rxa3 36. a8=Q+ Rxa8 37. Qxa8+ Kh7 38. Qa7 1-0

[Event "OLNW 2324 Post SV Uelzen - SV Werder Bre"]
[Site "?"]
[Date "2024.03.17"]
[Round "7.3"]
[White "Steffens, Olaf"]
[Black "Knuedel, Torben"]
[Result "0-1"]
[WhiteElo "2170"]
[BlackElo "2299"]
[PlyCount "66"]
[EventDate "2024.??.??"]

1. d4 Nf6 2. Nc3 e6 3. Bf4 Bb4 4. e3 O-O 5. Bd3 Bxc3+ 6. bxc3 d6 7. Nf3 Nbd7 8. e4 e5 9. dxe5 dxe5 10. Nxe5 Nxe5 11. Bxe5 Re8 12. Bxf6 Qxf6 13. Qd2 b6 14. O-O Bb7 15. f3 Rad8 16. Rae1 g6 17. Re2 c5 18. Qe1 Qe6 19. c4 Qe5 20. Kh1 Rd4 21. f4 Qe6 22. f5 Qe5 23. Qf2 g5 24. f6 b5 25. Qe1 Bc8 26. h3 h6 27. Rf5 Qc7 28. Ref2 Bxf5 29. Rxf5 Re6 30. Qe3 bxc4 31. Bf1 Rdxe4 32. Qf2 Rf4 33. Rxf4 Qxf4 0-1

[Event "OLNW 2324 Post SV Uelzen - SV Werder Bre"]
[Site "?"]
[Date "2024.03.17"]
[Round "7.4"]
[White "Bargsten, Justus"]
[Black "Buchal, Stephan"]
[Result "1-0"]
[WhiteElo "2221"]
[BlackElo "2191"]
[PlyCount "91"]
[EventDate "2024.??.??"]

1. e4 g6 2. d4 Bg7 3. Nc3 c6 4. f4 d5 5. e5 Nh6 6. Be3 f6 7. h3 O-O 8. Nf3 Qb6 9. Na4 Qa5+ 10. c3 Nd7 11. b4 Qc7 12. Qd2 b5 13. Nc5 Nxc5 14. bxc5 Bf5 15. Be2 Be4 16. O-O Nf5 17. Bf2 Bh6 18. g4 Bxf3 19. Bxf3 fxe5 20. gxf5 e4 21. Bg2 Rxf5 22. Be3 Raf8 23. a4 bxa4 24. Rxa4 e6 25. c4 Bxf4 26. Bxf4 Rxf4 27. Rxf4 Rxf4 28. cxd5 exd5 29. Qe3 Rf7 30. Ra3 Kg7 31. Qg3 Qxg3 32. Rxg3 h6 33. Ra3 g5 34. Ra6 Rc7 35. Bf1 Kf6 36. Bb5 Kf5 37. Bxc6 Kf4 38. Bxd5 Ke3 39. Ra4 Kd3 40. Kf2 Rd7 41. Bc4+ Kd2 42. d5 e3+ 43. Kf3 Rf7+ 44. Ke4 Rf4+ 45. Ke5 Kc3 46. c6 1-0

[Event "OLNW 2324 Post SV Uelzen - SV Werder Bre"]
[Site "?"]
[Date "2024.03.17"]
[Round "7.5"]
[White "Franke, Reiner"]
[Black "von Estorff, Jacob"]
[Result "1/2-1/2"]
[WhiteElo "2162"]
[BlackElo "2196"]
[PlyCount "55"]
[EventDate "2024.??.??"]

1. c4 e5 2. Nc3 Nc6 3. Nf3 f5 4. e3 e4 5. Nd4 Nxd4 6. exd4 Nf6 7. Be2 c6 8. d3 Bb4 9. O-O O-O 10. dxe4 fxe4 11. Qb3 Qa5 12. c5+ Kh8 13. Bf4 d5 14. cxd6 Ne8 15. Bg3 Nxd6 16. a3 Bxc3 17. Bxd6 Rd8 18. Be7 Bxd4 19. Bxd8 Qxd8 20. Rad1 c5 21. Qf7 Bd7 22. b4 b6 23. bxc5 bxc5 24. Rb1 Bc6 25. Bc4 Qd6 26. Rb3 Rf8 27. Qe6 Qxe6 28. Bxe6 1/2-1/2

[Event "OLNW 2324 Post SV Uelzen - SV Werder Bre"]
[Site "?"]
[Date "2024.03.17"]
[Round "7.6"]
[White "Askerov, Imamali"]
[Black "Diederichsen, Detlev"]
[Result "1/2-1/2"]
[WhiteElo "1989"]
[BlackElo "2144"]
[PlyCount "70"]
[EventDate "2024.??.??"]

1. e4 c5 2. Nf3 d6 3. d4 cxd4 4. Nxd4 Nf6 5. Nc3 a6 6. h3 e6 7. g4 d5 8. exd5 Nxd5 9. Bg2 Nxc3 10. bxc3 Qc7 11. O-O Be7 12. Rb1 Nd7 13. Re1 O-O 14. g5 Nc5 15. Qh5 e5 16. Nf3 Bf5 17. Nxe5 Bd6 18. Nd3 Rae8 19. Rxe8 Rxe8 20. Be3 b5 21. Bd5 Nxd3 22. cxd3 Bxd3 23. Rd1 Bg6 24. Qf3 Qe7 25. Bf4 Bxf4 26. Qxf4 Rd8 27. Rd4 Kf8 28. Bb3 Rc8 29. c4 b4 30. Qd6 Qxd6 31. Rxd6 a5 32. Rd4 Ke7 33. f3 Rd8 34. Rxd8 Kxd8 35. Kf2 f6 1/2-1/2

[Event "OLNW 2324 Post SV Uelzen - SV Werder Bre"]
[Site "?"]
[Date "2024.03.17"]
[Round "7.7"]
[White "Buescher, Andre"]
[Black "Bogomolow, Sergej"]
[Result "1/2-1/2"]
[WhiteElo "2029"]
[BlackElo "2132"]
[PlyCount "84"]
[EventDate "2024.??.??"]

1. e4 e6 2. d4 d5 3. Nc3 Bb4 4. Bd3 dxe4 5. Bxe4 Nf6 6. Bf3 O-O 7. Nge2 c5 8. a3 Bxc3+ 9. bxc3 Nbd7 10. O-O e5 11. Ng3 Qa5 12. Qd3 Rd8 13. d5 b5 14. Nf5 Re8 15. Nd6 c4 16. Qf5 Qxc3 17. Rb1 Nc5 18. Qg5 Rd8 19. Nxb5 Qxc2 20. Rb2 Qf5 21. Nc7 Nd3 22. Qxf5 Bxf5 23. Nxa8 Nxb2 24. Bxb2 Rxa8 25. Bxe5 Be4 26. Bxe4 Nxe4 27. Rc1 Rc8 28. f3 Nf6 29. Bxf6 gxf6 30. Kf2 Rc5 31. Ke3 Rxd5 32. Rxc4 Ra5 33. a4 Rd5 34. Rd4 Rc5 35. Kd3 f5 36. Rc4 Re5 37. Rb4 a6 38. Kd4 Re2 39. Rb6 Rxg2 40. Rxa6 Rxh2 41. Ke5 Kg7 42. Kxf5 Rh5+ 1/2-1/2

[Event "OLNW 2324 Post SV Uelzen - SV Werder Bre"]
[Site "?"]
[Date "2024.03.17"]
[Round "7.8"]
[White "List, Joachim"]
[Black "Weidenhoefer, Max"]
[Result "1/2-1/2"]
[WhiteElo "2238"]
[BlackElo "2066"]
[PlyCount "83"]
[EventDate "2024.??.??"]

1. e4 c6 2. d4 d5 3. Nd2 dxe4 4. Nxe4 Nf6 5. Nxf6+ exf6 6. c3 Bd6 7. Bd3 O-O 8. Qc2 Re8+ 9. Ne2 h5 10. h3 h4 11. Bd2 Nd7 12. O-O-O Nf8 13. g3 hxg3 14. Nxg3 Bxg3 15. fxg3 Be6 16. Kb1 b5 17. Be4 Qd7 18. g4 Bxa2+ 19. Kxa2 Qe6+ 20. d5 Qxe4 21. Qxe4 Rxe4 22. dxc6 Rc8 23. Rhe1 Re6 24. Rxe6 fxe6 25. Be3 Rxc6 26. Kb3 a6 27. Rd8 Kf7 28. Kb4 Ke7 29. Ra8 Nd7 30. b3 Ne5 31. Bc5+ Kf7 32. Rd8 Rc7 33. Bb6 Rb7 34. Rd6 Ke7 35. Bc5 Nd7 36. Rxa6+ Nxc5 37. Kxc5 e5 38. Kc6 Rb8 39. Ra7+ Ke6 40. Rxg7 Rc8+ 41. Kxb5 Rxc3 42. b4 1/2-1/2

[Event "OLNW 2324 SK Kirchweyhe II - SK Rickling"]
[Site "?"]
[Date "2024.03.17"]
[Round "7.1"]
[White "Ackermann, Dennie"]
[Black "Palac, Mladen"]
[Result "0-1"]
[WhiteElo "2072"]
[BlackElo "2462"]
[PlyCount "82"]
[EventDate "2024.??.??"]

1. d4 Nf6 2. Bf4 d5 3. e3 c5 4. dxc5 Nc6 5. Bb5 e6 6. b4 a5 7. c3 Bd7 8. a4 axb4 9. Bxc6 Bxc6 10. cxb4 b6 11. Nd2 bxc5 12. b5 Bb7 13. Ngf3 c4 14. O-O Bb4 15. Qc2 O-O 16. Qb2 Qa5 17. Bc7 Qxc7 18. Qxb4 Qa5 19. Qc5 Nd7 20. Qe7 Rad8 21. Rfb1 Rfe8 22. Qd6 Nb6 23. Qc7 Rd7 24. Qc5 f6 25. Ra2 e5 26. h4 Rc8 27. Qa3 d4 28. e4 d3 29. Rc1 c3 30. Nb3 Qa7 31. a5 Nc4 32. Qb4 d2 33. Nfxd2 cxd2 34. Nxd2 Nxd2 35. Rxc8+ Bxc8 36. b6 Nf3+ 37. gxf3 Rd1+ 38. Kg2 Qd7 39. Qb3+ Kf8 40. f4 exf4 41. Qf3 Rd3 0-1

[Event "OLNW 2324 SK Kirchweyhe II - SK Rickling"]
[Site "?"]
[Date "2024.03.17"]
[Round "7.2"]
[White "Zeitlein, Michael"]
[Black "Simon, Ralf-Axel"]
[Result "1-0"]
[WhiteElo "2336"]
[BlackElo "2024"]
[PlyCount "98"]
[EventDate "2024.??.??"]

1. d4 d5 2. Nf3 Nf6 3. c4 dxc4 4. e3 e6 5. Bxc4 c5 6. O-O a6 7. dxc5 Bxc5 8. Qxd8+ Kxd8 9. Nbd2 Ke7 10. Nb3 Bd6 11. Rd1 Rd8 12. Bd2 b6 13. Rac1 Bb7 14. Nfd4 g6 15. Be2 e5 16. Bf3 Ne4 17. Ne2 Nd7 18. Nc3 Nxc3 19. Bxc3 Bxf3 20. gxf3 Rac8 21. Nd2 f5 22. Nb1 Ke6 23. Rd2 Nf6 24. Rcd1 Be7 25. Rxd8 Rxd8 26. Rxd8 Bxd8 27. Kf1 Nd5 28. Ke2 Be7 29. b3 Bb4 30. Bb2 b5 31. h3 e4 32. a3 Ba5 33. b4 Bb6 34. Nd2 exf3+ 35. Nxf3 Bd8 36. Kd3 Nb6 37. Nd2 Bh4 38. Bd4 Nd5 39. Nb3 Be7 40. f3 Nc7 41. e4 fxe4+ 42. Kxe4 Ne8 43. Be5 Nd6+ 44. Bxd6 Kxd6 45. Nc5 Bf6 46. Nxa6 Bb2 47. Nc5 Bxa3 48. Nd3 Ke6 49. Kd4 Kd6 1-0

[Event "OLNW 2324 SK Kirchweyhe II - SK Rickling"]
[Site "?"]
[Date "2024.03.17"]
[Round "7.3"]
[White "Schmidt, Benjamin"]
[Black "Kuegel, Tobias"]
[Result "0-1"]
[WhiteElo "1944"]
[BlackElo "2419"]
[PlyCount "52"]
[EventDate "2024.??.??"]

1. d4 d5 2. c4 e6 3. Nc3 Nf6 4. cxd5 Nxd5 5. e4 Nxc3 6. bxc3 c5 7. Rb1 Be7 8. Nf3 O-O 9. h4 b6 10. h5 h6 11. Rh3 Bb7 12. Bd3 cxd4 13. cxd4 Nc6 14. Rg3 Kh8 15. Bxh6 gxh6 16. Qd2 Bg5 17. Nxg5 hxg5 18. Rxg5 Rg8 19. Rbb5 Rxg5 20. Rxg5 Qxd4 21. Rb5 Ne5 22. Qh6+ Kg8 23. Qg5+ Kf8 24. Qxe5 Qxd3 25. f3 Qe3+ 26. Kf1 Rd8 0-1

[Event "OLNW 2324 SK Kirchweyhe II - SK Rickling"]
[Site "?"]
[Date "2024.03.17"]
[Round "7.4"]
[White "Zaja, Ivan"]
[Black "Spiess, Thomas"]
[Result "1-0"]
[WhiteElo "2427"]
[BlackElo "1993"]
[PlyCount "109"]
[EventDate "2024.??.??"]

1. d4 d5 2. c4 c6 3. Nf3 Nf6 4. Nc3 e6 5. Bg5 h6 6. Bxf6 Qxf6 7. e3 g6 8. Bd3 dxc4 9. Bxc4 Nd7 10. O-O Bg7 11. Qc2 O-O 12. a4 a5 13. Rad1 Nb6 14. Bb3 Qe7 15. Ne4 Nd5 16. Ne5 Nb4 17. Qc4 b6 18. Nxc6 Qh4 19. Nxb4 Qxe4 20. Qc6 Bb7 21. Qxe4 Bxe4 22. Na2 Rac8 23. Nc3 Bb7 24. Rc1 Ba6 25. Rfd1 Rfd8 26. f4 Bf8 27. Kf2 Bb4 28. e4 Bc4 29. Bxc4 Rxc4 30. Nb5 Rdc8 31. Rxc4 Rxc4 32. Kf3 f5 33. exf5 gxf5 34. d5 Kf7 35. d6 Ke8 36. d7+ Kd8 37. Nd4 Bd6 38. Nxe6+ Kxd7 39. Nd4 Ke8 40. g3 Rxa4 41. Nxf5 Bf8 42. g4 Ra2 43. g5 hxg5 44. fxg5 Rxb2 45. h4 a4 46. h5 Rh2 47. h6 Kf7 48. Kg3 Rh5 49. Kg4 Rh2 50. Rd7+ Ke6 51. Rd8 Be7 52. g6 Rg2+ 53. Kh3 Kxf5 54. h7 Rxg6 55. h8=Q 1-0

[Event "OLNW 2324 SK Kirchweyhe II - SK Rickling"]
[Site "?"]
[Date "2024.03.17"]
[Round "7.5"]
[White "Herrmann, Andreas"]
[Black "Kovacevic, Blazimir"]
[Result "0-1"]
[WhiteElo "2006"]
[BlackElo "2384"]
[PlyCount "88"]
[EventDate "2024.??.??"]

1. d4 Nf6 2. Nf3 e6 3. c3 c5 4. Bg5 h6 5. Bh4 b6 6. e3 Be7 7. Nbd2 cxd4 8. exd4 Bb7 9. Bd3 d6 10. O-O Nbd7 11. Re1 O-O 12. a4 a6 13. Qe2 Re8 14. Bg3 Nh5 15. Be4 Nxg3 16. hxg3 Qc7 17. Bxb7 Qxb7 18. Nh2 b5 19. axb5 axb5 20. f4 g6 21. Nhf3 Nf6 22. Nf1 Bf8 23. N1h2 Rec8 24. g4 Qd5 25. Qc2 Rxa1 26. Rxa1 b4 27. f5 exf5 28. gxf5 g5 29. Nf1 bxc3 30. bxc3 g4 31. Ne3 Qc6 32. Nh2 h5 33. c4 Bh6 34. Nhf1 Re8 35. Ra3 Kg7 36. Qb2 Bf4 37. g3 Bg5 38. Qg2 Qb6 39. Qd2 Qb1 40. Kh2 Rb8 41. Qd3 Rb2+ 42. Ng2 Qe1 43. Rb3 Re2 44. Rb1 Qf2 0-1

[Event "OLNW 2324 SK Kirchweyhe II - SK Rickling"]
[Site "?"]
[Date "2024.03.17"]
[Round "7.6"]
[White "Genov, Petar"]
[Black "Arntz, Christoph"]
[Result "1-0"]
[WhiteElo "2407"]
[BlackElo "1993"]
[PlyCount "115"]
[EventDate "2024.??.??"]

1. d4 Nf6 2. c4 e6 3. Nf3 d5 4. Nc3 c6 5. Bg5 Nbd7 6. cxd5 exd5 7. Qc2 Be7 8. e3 O-O 9. Bd3 h6 10. Bf4 Re8 11. h3 Nf8 12. O-O-O Ne6 13. Be5 Qa5 14. Kb1 Bd7 15. g4 b5 16. Nd2 Rec8 17. Bf5 Qd8 18. Nb3 a5 19. Bxe6 Bxe6 20. Bxf6 Bxf6 21. Nc5 Be7 22. Ne2 Bxc5 23. Qxc5 Qf8 24. Rc1 Qe8 25. Rhg1 Bd7 26. Nf4 Qe4+ 27. Qc2 Qxc2+ 28. Rxc2 f6 29. Kc1 Re8 30. Kd2 Re7 31. Ng6 Re4 32. f3 Ree8 33. h4 Kf7 34. h5 Re6 35. Nh4 Rd6 36. Rgc1 Ra6 37. Nf5 Re6 38. Kd3 Kf8 39. Re1 Re8 40. Rc5 Bxf5+ 41. gxf5 Ke7 42. Rg1 Rg8 43. e4 dxe4+ 44. fxe4 Rb6 45. Rc2 Ra6 46. Ke3 Rb6 47. e5 fxe5 48. dxe5 Kf7 49. e6+ Ke7 50. Ke4 b4 51. Rcg2 g5 52. hxg6 Rg7 53. Rd2 Rb7 54. Rgd1 Kf6 55. Rd8 Rb5 56. Rf8+ Kg5 57. Rg1+ Kh5 58. Rf7 1-0